Moderate Bible A-Z - Statistics

General Stats
  • This quiz has been taken 30 times
  • The average score is 16 of 25
Answer Stats
Hint Letter % Answer % Correct
Brother of Aaron and Miriam M 59% Moses
81%
Word used once in the Bible to describe arguing Q 47% Quarrel
81%
Person released for the death of Jesus B 58% Barabbas
77%
Empire that invaded Israel, the last of the four R 54% Rome
73%
Place where spies wrongly reported cannibalistic giants C 45% Canaan
69%
The only female judge and prophetess D 44% Deborah
69%
What caused Naomi to move to Moab F 52% Famine
69%
Day where the apostles were filled with the Holy Spirit P 50% Pentecost
69%
What ripped in the temple as Jesus died (not curtain) V 53% Veil
69%
For my ____ is easy and my burden is light" Y 47% Yoke
69%
City which Paul wrote the Book of Ephesians to E 58% Ephesus
65%
Fruit of the Spirit. The New Testament used many different words for this word L 58% Love
65%
Place where Jonah was told to go N 42% Nineveh
65%
What Matthew's occupation was T 42% Tax collector
65%
Garden where Jesus prayed prior to his death G 58% Gethsemane
62%
Piece of the Armour of God: _____ of Salvation H 60% Helmet
62%
Book of the Bible after Deuteronomy J 63% Joshua
62%
For the ________ of God is like a mustard seed... K 61% Kingdom
62%
The Israelites gave God burnt ________ O 48% Offerings
62%
A Book of the Bible starting with 'Z' (one of them) Z 53% Zephaniah
62%
Extremely strong Judge of Israel S 49% Samson
58%
Name of Jesus, meaning 'God with us' I 50% Immanuel
54%
Person that David ordered to be killed U 63% Uriah
50%
Type of person who Elijah (through God's power) gave unlimited oil W 40% Widow
50%
A sacred Israelite box that held the Ten Commandments A 63% Ark of the Covenant
38%
No matching quizzes found
Score Distribution
Percent of People with Each Score
Percentile by Number Answered
Your Score History
You have not taken this quiz